Quizzes
Events
Quiz Creation
Community
Videos
Private Events
Remove Ads
Sign In
Join for FREE
Feedback
Dark Mode
Quiz Categories
Sports
Geography
Music
Movies
Television
Just For Fun
Miscellaneous
History
Literature
Language
Science
Gaming
Entertainment
Religion
Holiday
For Kids
Quiz Lab
Recent
Popular Today
Quiz Kudos Today
Editor Picks
Curator Picks
Quizzes by...
Day
Popularity
Type
Ratings
Length
Year
Community
Subscriptions
Recent Discussions
Orange Saloon
Badges
Playlists
Quests
Create
Leaderboards
Showdown
Live 5
Trivia Bingo
Activity
Puzzle Library
Sporcle Events
Private Events
Virtual Trivia
Globe League
Become a Host
Pub Owners
SporcleCon
Opinionation
Our Games
Videos
Blog
Mobile Apps
Partnerships
Remove Ads and Go Orange
Feedback
Sports
Athletes
MLB
NBA
NHL
NFL
Soccer
Sports Teams
WWE
NCAA
Football
Premier League
Basketball
Baseball
Hockey
Golf
Tennis
Cricket
Rugby
Auto Racing
Olympics
World Cup
Sports
Athletes
MLB
NBA
NHL
NFL
Soccer
Sports Teams
WWE
NCAA
Football
Premier League
Basketball
Baseball
Hockey
Golf
Tennis
Cricket
Rugby
Auto Racing
Olympics
World Cup
Random Quiz
Search Sporcle
×
Quiz Lab
Quiz Lab
Sports
lion
Type in answers that appear in a list
Type in answers that appear in a list
Classic
Best Score? Go Orange.
Detroit Lions Head Coaches Stats
Can you name the Detroit Lions Head Coaches?
By
strick48
6m
27 Questions
423 Plays
423 Plays
423 Plays
Comments
Comments
Give Quiz Kudos
Give Quiz Kudos
-
- Ratings
hide this ad
Replay
Link that replays current quiz
Next Quiz
Link to next quiz in quiz playlist
You Got
0%
They Got
Avg Score
29%
Avg Friend Score
Upgrade to see
Score Distribution
Jump to the score distribution portion of the page
Score
0/27
Timer
06:00
0
Plays Today
Year
Coach
% Correct
1988-
1996
Wayne Fontes
81.3%
2009-
pres
Jim Schwartz
80.8%
2003-
2005
Steve Mariucci
71.3%
2006-
2008
Rod Marinelli
70.4%
1997-
2009
Bobby Ross
67.1%
2000
Gary Moeller
45.7%
1978-
1984
Monte Clark
39.8%
1931-
1936
George 'Potsy' Clark
39.3%
1937-
1938
Earl 'Dutch' Clark
39.3%
1940
George 'Potsy' Clark
39.3%
2005
Dick Jauron
39.1%
1985-
1988
Darryl Rogers
34.8%
1967-
1972
Joe Schmidt
33.4%
1974-
1976
Rick Forzano
21.8%
Year
Coach
% Correct
1951-
1956
Buddy Parker
18.7%
1973
Don McCafferty
18.2%
1976-
1977
Tommy Hudspeth
17.5%
1957-
1966
Harry Gilmer
14.7%
2001-
2002
Marty Mornhinweg
13.7%
1948-
1950
Bo McMillin
5%
1939
Gus Henderson
4.5%
1943-
1947
Gus Dorais
2.8%
Ken Wohl
2.1%
1930
Hal Griffin
1.9%
1941-
1942
Bill Edwards
1.9%
1942
John Karcis
1.9%
Matt St. Jean
0.2%
Quiz Playlist
Details
Report
Send in Message
Add To Playlist
Classic:
Type in answers that appear in a list
Quiz Source
Last Updated: Feb 16, 2017
Quiz Scoreboard
CHALLENGE
Sign Up to Join the Scoreboard
Show All
Scores
Hide
Comments
May contain spoilers
Recently Published
Presidents Visiting Landmarks
by Hejman
History
7m
An Introduction to Baseball
by treessimontrees
Sports
5m
Movies - When Are They Set?
by FPL_Elf
Movies
5m
More to Explore
Quiz From the Vault
Featured Blog Post
Where Did the Easter Bunny Come From?
hide this ad
You Might Also Like...
Tags
coach
detroit
Detroit Lions
Head Coach
lion
NFL Coach
Today's Top Quizzes in Sports
Browse Sports
hide this ad
Today's Top Quizzes in lion
Browse lion
Top Contributed Quizzes in Sports
1
Les meilleurs buteurs des matchs entre le PSG et l’OM
2
2022 World Cup Stars
3
FIFA Club World Cup Champions
4
Les entraîneurs de l'OM et du PSG au 21e siècle
5
Name the Premier League winners with different clubs
6
La finale Lions - Afrique du Sud 2021
7
5-to-1: UK Sports Teams
8
England Test cricketers to play under Nasser Hussain
9
Players with Multiple 50 Home Run Seasons
10
AFC Teams Reveal (Wrong Answers Minefield)
Explore More
Trending Topics
Marvel
Harry Potter
NBA
Kpop
Crossword
Anime
Disney
Puzzle
WWE
Soccer
Country
NFL
Pokémon
The Office
Song
hide this ad
More By:
strick48
Quiz
Plays
Rating
Category
Featured
Created
Detroit Lions Head Coaches
423
1.67
Sports
Oct 24, 2009
Current NFL Players from the U
318
3.50
Sports
Oct 25, 2009
Go to Creator's Profile
Score Distribution
Quiz Creator Spotlight
strick48
Follow
Send a Message
Quizzes Created
-
Created Quiz Play Count
-
More By This Creator
Popular Quizzes Today
1
Find the US States - No Outlines Minefield
2
Find the Countries of Europe - No Outlines Minefield
3
The Countries of the World
4
Find the US States
5
Popular People in 1961
6
US States
7
Risky Map Clicking: Biggest States A-Z
8
Movies - When Are They Set?
More Sports Quizzes
Biopics Match-Up: Sports
Editor's Pick
Trending Quizzes
Risky Map Clicking: Least Populous States A-Z
1-10 Letter G Words
1-10 Letter F Words
Risky Map Clicking: Next State Alphabetically
Risky Map Clicking: Biggest States A-Z
Recently Updated
Leaping Animals
pecheneg
Reality TV Shows (A-Z)
bhenderson79
Rickey Henderson's Hall of Fame Teammates
pecheneg
Champions League XIs: Arsenal
pecheneg
Quick Pick: Celebrities in WWE's Hall of Fame
aduchscher
A-Z Keypad Blitz II
pecheneg
Multiple Oscar Actors
pecheneg
Mystery Phrase Blitz: Oscar 'Best Actors'
pecheneg
F. Scott Fitzgerald Novels
LTH
Pick 3 Villains
ddd62291
Trending Topics
NBA
Crossword
Kpop
Disney
Anime
Marvel
Harry Potter
The Office
Soccer
NFL
Country
Pokémon
Song
WWE
Puzzle
Your Account Isn't Verified!
In order to create a playlist on Sporcle, you need to verify the email address you used during registration. Go to your
Sporcle Settings
to finish the process.
Report this User
Report this user for behavior that violates our
Community Guidelines
.
Details:
Send Report
Go to the Sporcle.com Mobile Site →
Comments